| Tag |
First Indicator |
Second Indicator |
Subfields |
| LEADER |
00000pam a2200000 a 4500 |
| 001 |
in00000472621 |
| 005 |
20151012171927.0 |
| 008 |
820415s1982 ilu b 00110 eng |
| 010 |
|
|
|a 82007032
|
| 020 |
|
|
|a 0226769887
|
| 035 |
|
|
|a (OCoLC)08430310
|
| 035 |
|
|
|9 ACA1135AM
|
| 040 |
|
|
|a DLC
|c DLC
|d TXA
|d UtOrBLW
|
| 043 |
|
|
|a a-pp---
|
| 049 |
|
|
|a TXAM
|c [1407680]
|
| 050 |
0 |
0 |
|a GN671 N5
|b S64 1982
|
| 082 |
0 |
|
|a 306.8/74
|2 19
|
| 100 |
1 |
|
|a Spiro, Melford E.
|
| 245 |
1 |
0 |
|a Oedipus in the Trobriands /
|c Melford E. Spiro.
|
| 264 |
|
1 |
|a Chicago :
|b University of Chicago Press,
|c 1982.
|
| 300 |
|
|
|a xii, 200 pages ;
|c 23 cm.
|
| 336 |
|
|
|a text
|b txt
|2 rdacontent
|
| 337 |
|
|
|a unmediated
|b n
|2 rdamedia
|
| 338 |
|
|
|a volume
|b nc
|2 rdacarrier
|
| 500 |
|
|
|a Includes index.
|
| 504 |
|
|
|a Bibliography: pages 181-193.
|
| 600 |
1 |
0 |
|a Malinowski, Bronislaw,
|d 1884-1942.
|t Sex and repression in savage society.
|
| 650 |
|
0 |
|a Ethnology
|z Papua New Guinea
|z Trobriand Islands.
|
| 650 |
|
0 |
|a Oedipus complex.
|
| 650 |
|
0 |
|a Ethnopsychology.
|
| 650 |
|
0 |
|a Families
|z Papua New Guinea
|z Trobriand Islands.
|
| 999 |
|
|
|a MARS
|
| 999 |
f |
f |
|s 6b125b1e-e2b5-381f-a737-29171638d125
|i 0a6d37c0-728a-3d39-900b-1d4cc5e3f505
|t 0
|
| 952 |
f |
f |
|p normal
|a Texas A&M University
|b College Station
|c Sterling C. Evans Library
|d Evans: Library Stacks
|t 0
|e GN671 N5 S64 1982
|h Library of Congress classification
|i unmediated -- volume
|m A14807229856
|
| 998 |
f |
f |
|a GN671 N5 S64 1982
|t 0
|l Evans: Library Stacks
|